| 000 -LEADER |
| fixed length control field |
00460cam a22001457a 4500 |
| 008 - FIXED-LENGTH DATA ELEMENTS--GENERAL INFORMATION |
| fixed length control field |
180718b1984 xxu||||| |||| 00| 0 eng d |
| 082 ## - DEWEY DECIMAL CLASSIFICATION NUMBER |
| Classification number |
XA R18m |
| 245 ## - TITLE STATEMENT |
| Title |
Modern trends in housing in developing countries |
| Statement of responsibility, etc. |
edited by A.G. Madhava Rao, D.S. Ramachandra Murthy and G.A. |
| 260 ## - PUBLICATION, DISTRIBUTION, ETC. |
| Place of publication, distribution, etc. |
New Delhi |
| Name of publisher, distributor, etc. |
Oxford & IBH |
| Date of publication, distribution, etc. |
1984 |
| 300 ## - PHYSICAL DESCRIPTION |
| Extent |
xii,380p |
| 650 ## - SUBJECT ADDED ENTRY--TOPICAL TERM |
| Topical term or geographic name entry element |
Housing |
| 700 ## - ADDED ENTRY--PERSONAL NAME |
| Personal name |
Annamalai, G. |
| 700 ## - ADDED ENTRY--PERSONAL NAME |
| Personal name |
Murthy, D.S. Ramachandra |
| 700 ## - ADDED ENTRY--PERSONAL NAME |
| Personal name |
Rao, A.G. Madhava |